| 000 | 01056nas a2200361 4500 | ||
|---|---|---|---|
| 001 | BR0300439 | ||
| 003 | BR-BrBNA | ||
| 005 | 20231205103527.0 | ||
| 007 | ta | ||
| 008 | 230509b bl.|||p| |||| 00| 00por d | ||
| 040 |
_aBR-BrBNA _bpor _cBiblioteca Nacional de Agricultura |
||
| 041 | _a(Pt) | ||
| 072 | _aL50; L53 | ||
| 100 | 1 | _aOliveira, C.M. de | |
| 100 | 1 | _aCamargo, P.L. de | |
| 100 | 1 | _aAraújo, M.R. de | |
| 100 | 1 | _aUrtado, P.M. de S. | |
| 100 | 1 | _aMirandola, R.M.S. | |
| 100 | 1 | _aMiyashiro, S.I. | |
| 100 | 1 | _aUshikoshi, W.S. | |
| 100 | 1 | _aHagiwara, M.K. | |
| 245 | 1 | _aAvaliação das concentrações séricas de ferro e de transferrina em cadelas gestantes e não gestantes | |
| 650 | _aCÃO | ||
| 650 | _aPRENHEZ | ||
| 650 | _aSORO | ||
| 650 | _aFERRO | ||
| 650 | _aTRANSFERRINA | ||
| 650 | _aMETABOLISMO ANIMAL | ||
| 650 | _aBIOQUÍMICA ANIMAL | ||
| 773 | 0 |
_tVeterinária Notícias (Brazil) _xISSN 0104-3463 _g(2002), v. 8(1) p. 45-50 _wBR0300439 |
|
| 909 |
_a202311 _bLúcia _c55 _dLúcia Elande |
||
| 942 |
_2AGRIS _n0 _cANA |
||
| 999 |
_c173342 _d173342 |
||